MARC details
| 000 -LEADER |
| fixed length control field |
02375cgm a2200565Ia 4500 |
| 003 - CONTROL NUMBER IDENTIFIER |
| control field |
data |
| 005 - DATE AND TIME OF LATEST TRANSACTION |
| control field |
20260322212052.0 |
| 007 - PHYSICAL DESCRIPTION FIXED FIELD--GENERAL INFORMATION |
| fixed length control field |
data |
| 008 - FIXED-LENGTH DATA ELEMENTS--GENERAL INFORMATION |
| fixed length control field |
data |
| 020 ## - INTERNATIONAL STANDARD BOOK NUMBER |
| International Standard Book Number |
0793670152 |
| 020 ## - INTERNATIONAL STANDARD BOOK NUMBER |
| International Standard Book Number |
9780793670154 |
| 024 1# - OTHER STANDARD IDENTIFIER |
| Standard number or code |
841887010160 |
| 028 40 - PUBLISHER OR DISTRIBUTOR NUMBER |
| Publisher or distributor number |
SIND600 |
| 033 01 - DATE/TIME AND PLACE OF AN EVENT |
| Formatted date/time |
2007---- |
| Geographic classification area code |
5700 |
| 037 ## - SOURCE OF ACQUISITION |
| Source of stock number/acquisition |
Midwest Tape |
| Note |
http://www.midwesttapes.com |
| 040 ## - CATALOGING SOURCE |
| Original cataloging agency |
TEFMT |
| Transcribing agency |
TEFMT |
| Modifying agency |
UtOrBLW |
| -- |
GC0 |
| -- |
TEF |
| -- |
STU |
| -- |
WIQ |
| -- |
RLS |
| -- |
GK8 |
| -- |
LCJ |
| -- |
NJT |
| -- |
Q2Z |
| -- |
BTCTA |
| -- |
YDXCP |
| -- |
B2A |
| -- |
OSU |
| -- |
UtOrBLW |
| 043 ## - GEOGRAPHIC AREA CODE |
| Geographic area code |
a-ii--- |
| 049 ## - LOCAL HOLDINGS (OCLC) |
| Holding library |
OSUU |
| 050 #4 - LIBRARY OF CONGRESS CALL NUMBER |
| Classification number |
DS436 |
| Item number |
.S85 2008 |
| 082 04 - DEWEY DECIMAL CLASSIFICATION NUMBER |
| Classification number |
954.04 |
| Edition information |
22 |
| 090 ## - LOCALLY ASSIGNED LC-TYPE CALL NUMBER (OCLC); LOCAL CALL NUMBER (RLIN) |
| Classification number (OCLC) (R) ; Classification number, CALL (RLIN) (NR) |
DVD 954.04 S767 |
| 001 - CONTROL NUMBER |
| control field |
data |
| 245 14 - TITLE STATEMENT |
| Title |
The story of India |
| Medium |
[videorecording] / |
| Statement of responsibility, etc. |
Michael Wood ... [et al.]. |
| 260 ## - PUBLICATION, DISTRIBUTION, ETC. |
| Place of publication, distribution, etc. |
[London] : |
| Name of publisher, distributor, etc. |
Distributed by PBS Home Video, |
| Date of publication, distribution, etc. |
2008. |
| 300 ## - PHYSICAL DESCRIPTION |
| Extent |
2 videodiscs (ca. 360 min.) : |
| Other physical details |
sd., col. ; |
| Dimensions |
4 3/4 in. |
| 500 ## - GENERAL NOTE |
| General note |
Region 1; widescreen (enhanced); Dolby Digital 5.1 surround. |
| 500 ## - GENERAL NOTE |
| General note |
Special feature: The sights and sounds of India. |
| 505 00 - FORMATTED CONTENTS NOTE |
| Miscellaneous information |
Disc 2. |
| Title |
Freedom. |
| -- |
The power of ideas ; |
| -- |
Spice routes and silk roads -- |
| Miscellaneous information |
Disc 2. |
| Title |
Ages of gold ; |
| -- |
The meeting of two oceans ; |
| -- |
Freedom. |
| 508 ## - CREATION/PRODUCTION CREDITS NOTE |
| Creation/production credits note |
Filmed by Jeremy Jeffs ; edited by Gerry Branigan; original music by Howard Davidson & the Royal Philharmonic Orchestra; featured music by Ar Rahman ; written by Michael Wood ; directed by Jeremy Jeffs ; produced by Rebecca Dobbs. |
| 511 0# - PARTICIPANT OR PERFORMER NOTE |
| Participant or performer note |
Presented by Michael Wood. |
| 518 ## - DATE/TIME AND PLACE OF AN EVENT NOTE |
| Date/time and place of an event note |
Six-part BBC television series originally broadcast in 2007. |
| 520 ## - SUMMARY, ETC. |
| Summary, etc. |
Historian Michael Wood chronicles the history of the Indian subcontinent, the richness and diversity of its peoples, and its continuing relevance in today's world. |
| 521 8# - TARGET AUDIENCE NOTE |
| Target audience note |
Not rated. |
| 538 ## - SYSTEM DETAILS NOTE |
| System details note |
DVD format. |
| 546 ## - LANGUAGE NOTE |
| Language note |
Closed-captioned. |
| 650 #0 - SUBJECT ADDED ENTRY--TOPICAL TERM |
| Topical term or geographic name entry element |
Democracy |
| Geographic subdivision |
Developing countries. |
| 651 #0 - SUBJECT ADDED ENTRY--GEOGRAPHIC NAME |
| Geographic name |
India |
| General subdivision |
History. |
| 651 #0 - SUBJECT ADDED ENTRY--GEOGRAPHIC NAME |
| Geographic name |
India |
| General subdivision |
Civilization. |
| 651 #0 - SUBJECT ADDED ENTRY--GEOGRAPHIC NAME |
| Geographic name |
India |
| General subdivision |
Description and travel. |
| 651 #0 - SUBJECT ADDED ENTRY--GEOGRAPHIC NAME |
| Geographic name |
India |
| General subdivision |
Social life and customs. |
| 655 #0 - INDEX TERM--GENRE/FORM |
| Genre/form data or focus term |
Historical television programs. |
| 655 #0 - INDEX TERM--GENRE/FORM |
| Genre/form data or focus term |
Nonfiction television programs. |
| 655 #0 - INDEX TERM--GENRE/FORM |
| Genre/form data or focus term |
Television programs for the hearing impaired. |
| 655 #7 - INDEX TERM--GENRE/FORM |
| Genre/form data or focus term |
Ethnic (Nonfiction) |
| Form subdivision |
Television. |
| Source of term |
migfg. |
| 700 1# - ADDED ENTRY--PERSONAL NAME |
| Personal name |
Wood, Michael, |
| Dates associated with a name |
1948- |
| 700 1# - ADDED ENTRY--PERSONAL NAME |
| Personal name |
Jeffs, Jeremy. |
| 710 2# - ADDED ENTRY--CORPORATE NAME |
| Corporate name or jurisdiction name as entry element |
PBS Home Video. |
| 710 2# - ADDED ENTRY--CORPORATE NAME |
| Corporate name or jurisdiction name as entry element |
Maya Vision International. |
| 730 0# - ADDED ENTRY--UNIFORM TITLE |
| Uniform title |
Story of India (Television program) |